000 00391cam a22001097a 4500
008 180718b1986 xxu||||| |||| 00| 0 eng d
082 _aB1096 In7 6
100 _aBoje, Thomas P.
245 _aLabour market segmentation and social welfare programmes- the divided society
_cby Thomas P. Boje
260 _aNew Delhi
_bInstitute of Social Sciences
_c1986
500 _aXI World Congress of Sociology
999 _c440832
_d440832